[Event "Punta del Este Alekhine op"]
[Site "Punta del Este"]
[Date "2020.03.08"]
[Round "4"]
[White "Sosa, Liber"]
[Black "Fernandez Rodriguez, Antonio"]
[Result "1/2-1/2"]
[WhiteElo "1752"]
[BlackElo "1796"]
[PlyCount "29"]
[EventDate "2020.03.06"]
[EventType "swiss"]
[EventRounds "5"]
[EventCountry "URU"]
[SourceTitle "EXT 2021"]
[Source "ChessBase"]
[SourceDate "2020.10.23"]
[SourceVersion "1"]
[SourceVersionDate "2020.10.23"]
[SourceQuality "1"]

1. e4 e6 2. d4 d5 3. exd5 exd5 4. Bd3 Nf6 5. h3 c5 6. c3 Nc6 7. Nf3 Be7 8. 0-0 0-0 9. Re1 h6 10. Bf4 Be6 11. Ne5 cxd4 12. cxd4 Qb6 13. Nxc6 bxc6 14. Qd2 Rfd8 15. Nc3 1/2-1/2

[Event "Punta del Este Alekhine op"]
[Site "Punta del Este"]
[Date "2020.03.06"]
[Round "1"]
[White "Souto, Andres"]
[Black "Fernandez Rodriguez, Antonio"]
[Result "0-1"]
[WhiteElo "1311"]
[BlackElo "1796"]
[PlyCount "72"]
[EventDate "2020.03.06"]
[EventType "swiss"]
[EventRounds "5"]
[EventCountry "URU"]
[SourceTitle "EXT 2021"]
[Source "ChessBase"]
[SourceDate "2020.10.23"]
[SourceVersion "1"]
[SourceVersionDate "2020.10.23"]
[SourceQuality "1"]

1. e4 e6 2. d4 d5 3. Bd3 Nf6 4. Bg5 dxe4 5. Bxe4 c5 6. Nf3 Nbd7 7. 0-0 Qb6 8. Nbd2 cxd4 9. Nc4 Qc5 10. Bd3 h6 11. Bd2 Nb6 12. b3 Be7 13. a3 Nxc4 14. Bxc4 b5 15. Bd3 Bb7 16. Bb4 Qb6 17. Nxd4 a6 18. Bxe7 Kxe7 19. Nf3 Rhd8 20. Qe2 Rac8 21. Rfd1 Nd5 22. Re1 Nf4 23. Qe3 Qxe3 24. Rxe3 Nxd3 25. cxd3 Rc3 26. d4 Rdc8 27. Kf1 Rxe3 28. fxe3 Rc3 29. Kf2 Rxb3 30. Rc1 Bxf3 31. gxf3 Rxa3 32. Rb1 Kd6 33. e4 f6 34. h4 Ra4 35. Ke3 b4 36. f4 Ra3+ 0-1

[Event "Montevideo Autumn op 2nd"]
[Site "Montevideo"]
[Date "2019.05.10"]
[Round "4"]
[White "Kulik, Nicolas"]
[Black "Fernandez Rodriguez, Antonio"]
[Result "0-1"]
[WhiteElo "1526"]
[BlackElo "1817"]
[PlyCount "120"]
[EventDate "2019.05.03"]
[EventType "swiss"]
[EventRounds "7"]
[EventCountry "URU"]
[SourceTitle "CBM 190 Extra"]
[Source "ChessBase"]
[SourceDate "2019.07.15"]
[SourceVersion "1"]
[SourceVersionDate "2019.07.15"]
[SourceQuality "1"]

1. d4 f5 2. c4 g6 3. Nc3 Bg7 4. Nf3 Nf6 5. h3 d6 6. Bf4 0-0 7. e3 Na6 8. Rc1 Nh5 9. Bh2 f4 10. e4 c5 11. d5 Bd7 12. a3 Qa5 13. Be2 Nc7 14. Nd2 f3 15. Bxf3 Nf4 16. Bxf4 Rxf4 17. g3 Rf7 18. Bg2 b5 19. 0-0 b4 20. axb4 cxb4 21. Ra1 Qb6 22. Na4 Bxa4 23. Rxa4 Bxb2 24. Qb3 Bc3 25. Nf3 Na6 26. Ra2 Nc5 27. Qb1 a5 28. Rc1 Qa6 29. Rxc3 bxc3 30. Ng5 Rf6 31. e5 dxe5 32. d6 exd6 33. Bxa8 Qxa8 34. Qc2 h6 35. Qxc3 hxg5 36. Qxa5 Qxa5 37. Rxa5 Kf7 38. Kg2 e4 39. Ra2 Ke6 40. g4 Ke5 41. Kg3 Rf3+ 42. Kg2 Rc3 43. Ra8 Rxc4 44. Rg8 Ne6 45. Kg3 Rc3+ 46. Kh2 Nf4 47. Re8+ Kd4 48. Rh8 Rf3 49. Rh7 Rxf2+ 50. Kg1 e3 51. Rh8 Rg2+ 52. Kh1 e2 53. Re8 Rf2 54. h4 Rf1+ 55. Kh2 e1Q 56. Rxe1 Rxe1 57. hxg5 Re2+ 58. Kg3 Ke4 59. Kh4 d5 60. Kg3 d4 0-1

[Event "Montevideo Trebejos op 07"]
[Site "Montevideo"]
[Date "2018.07.23"]
[Round "5"]
[White "Castagnet, Carlos"]
[Black "Fernandez Rodriguez, Antonio"]
[Result "1-0"]
[WhiteElo "1594"]
[BlackElo "1813"]
[PlyCount "75"]
[EventDate "2018.07.11"]
[EventType "swiss"]
[EventRounds "7"]
[EventCountry "URU"]
[SourceTitle "EXT 2019"]
[Source "ChessBase"]
[SourceDate "2018.10.10"]
[SourceVersion "1"]
[SourceVersionDate "2018.10.10"]
[SourceQuality "1"]

1. e4 e6 2. d4 c5 3. d5 Nf6 4. Nc3 d6 5. Bc4 a6 6. a4 g6 7. Bf4 Nh5 8. Bd2 Bg7 9. Nf3 0-0 10. 0-0 exd5 11. exd5 Nd7 12. Be2 Re8 13. Re1 h6 14. Rb1 Qf6 15. Bd3 Ne5 16. Nxe5 dxe5 17. Ne4 Qd8 18. c4 f5 19. Nxc5 e4 20. Nxe4 fxe4 21. Bxe4 Qd6 22. Qc2 Rxe4 23. Rxe4 Bf5 24. Rbe1 Bxe4 25. Rxe4 Qf6 26. g4 Rf8 27. Be3 Qf3 28. gxh5 Rf5 29. Re8+ Kh7 30. hxg6+ Kxg6 31. Qe4 Qxe4 32. Rxe4 Bxb2 33. Re6+ Rf6 34. Rxf6+ Bxf6 35. Kg2 h5 36. Kf3 Kf5 37. c5 Ke5 38. d6 1-0

[Event "Montevideo Trebejos op 07"]
[Site "Montevideo"]
[Date "2018.07.20"]
[Round "4"]
[White "Fernandez Rodriguez, Antonio"]
[Black "Carvalho, Guillermo"]
[Result "0-1"]
[WhiteElo "1813"]
[BlackElo "2181"]
[PlyCount "178"]
[EventDate "2018.07.11"]
[EventType "swiss"]
[EventRounds "7"]
[EventCountry "URU"]
[SourceTitle "EXT 2019"]
[Source "ChessBase"]
[SourceDate "2018.10.10"]
[SourceVersion "1"]
[SourceVersionDate "2018.10.10"]
[SourceQuality "1"]

1. e4 Nf6 2. e5 Nd5 3. c4 Nb6 4. c5 Nd5 5. Bc4 c6 6. Nc3 d6 7. Qf3 dxc5 8. Nxd5 cxd5 9. Bxd5 e6 10. Be4 Nc6 11. Qf4 Nb4 12. Nf3 Nd3+ 13. Bxd3 Qxd3 14. Ng5 Qf5 15. d3 Qxf4 16. Bxf4 Be7 17. Rc1 0-0 18. Ne4 b6 19. 0-0 Ba6 20. Rfd1 Rfd8 21. d4 Rac8 22. dxc5 bxc5 23. h3 c4 24. Be3 Rd5 25. Nc3 Rxd1+ 26. Rxd1 Rc7 27. Ne4 h6 28. g4 Bb7 29. Nd6 Bd5 30. Rc1 a6 31. b4 f6 32. f4 fxe5 33. fxe5 Bg5 34. Bxg5 hxg5 35. Kf2 c3 36. Rc2 Bxa2 37. Ne4 Bd5 38. Rxc3 Rf7+ 39. Ke3 Bxe4 40. Kxe4 Rf4+ 41. Kd3 Rxb4 42. Rc6 Kf7 43. Rxa6 Rb3+ 44. Ke2 Rb5 45. Kf3 Rxe5 46. Ra7+ Kf6 47. Ra8 Rb5 48. Rf8+ Ke5 49. Rf7 Rb3+ 50. Kg2 g6 51. Rf2 Re3 52. Rf8 Re4 53. Kg3 Rd4 54. Rf3 Rd2 55. h4 Ke4 56. h5 Rd7 57. Rf6 Rd3+ 58. Kg2 gxh5 59. gxh5 Ke5 60. Rf7 Rd4 61. h6 Rh4 62. h7 Ke4 63. Rg7 Kf5 64. Rf7+ Kg6 65. Re7 Kf5 66. Kg3 Kf6 67. Re8 Rxh7 68. Kg4 Rh4+ 69. Kg3 Rb4 70. Rf8+ Ke5 71. Rd8 Ke4 72. Kg4 Rb1 73. Kxg5 Rf1 74. Kg4 Rg1+ 75. Kh3 e5 76. Kh2 Rg5 77. Ra8 Kf4 78. Ra5 Rg8 79. Ra7 e4 80. Rf7+ Ke3 81. Rf6 Ke2 82. Rf4 e3 83. Rf7 Ke1 84. Rf6 e2 85. Rf7 Rg5 86. Re7 Kd2 87. Rd7+ Ke3 88. Re7+ Kd3 89. Kh3 Rg8 0-1

[Event "URU-chTB"]
[Site "Montevideo"]
[Date "2018.07.08"]
[Round "5.12"]
[White "Sosa, Liber"]
[Black "Fernandez Rodriguez, Antonio"]
[Result "0-1"]
[WhiteElo "1752"]
[BlackElo "1813"]
[PlyCount "108"]
[EventDate "2018.07.06"]
[EventType "team-swiss"]
[EventRounds "5"]
[EventCountry "URU"]
[SourceTitle "EXT 2019"]
[Source "ChessBase"]
[SourceDate "2018.10.10"]
[SourceVersion "1"]
[SourceVersionDate "2018.10.10"]
[SourceQuality "1"]
[WhiteTeam "Zwischenzug"]
[BlackTeam "Udelar"]
[WhiteTeamCountry "URU"]
[BlackTeamCountry "URU"]

1. e4 e6 2. d4 d5 3. exd5 exd5 4. c4 Nf6 5. Nc3 c6 6. cxd5 cxd5 7. Bd3 Nc6 8. Nge2 Bd6 9. Bg5 Be6 10. a3 0-0 11. Qd2 a6 12. 0-0 Re8 13. Rac1 h6 14. Bf4 Na5 15. Qd1 Bg4 16. f3 Be6 17. b4 Bxf4 18. Nxf4 Nc6 19. Nfe2 Qb6 20. Na4 Qa7 21. Kh1 Kh8 22. Nc5 Rac8 23. Nf4 Nxd4 24. Bxa6 Nxf3 25. Bxb7 Rxc5 26. Rxc5 Nxh2 27. Kxh2 Qxb7 28. Re1 Qb8 29. Qd4 Ne4 30. Rxe4 dxe4 31. g3 Rd8 32. Qc3 Qd6 33. Nxe6 Qxe6 34. Re5 Qa2+ 35. Kh3 Qe2 36. Qc1 g5 37. Rxg5 hxg5 38. Qxg5 Qf1+ 39. Kh2 Qf2+ 40. Kh3 Qf1+ 41. Kh2 Qd3 42. Qh6+ Kg8 43. Qg5+ Kf8 44. Qh6+ Ke7 45. Qg5+ f6 46. Qg7+ Ke6 47. Qg4+ f5 48. Qg6+ Ke5 49. Qg7+ Ke6 50. Qg6+ Ke5 51. Qg7+ Kd5 52. Qf6 Kc4 53. Qe6+ Kc3 54. Qf6+ Kc2 0-1

[Event "URU-chT Provinces"]
[Site "Montevideo"]
[Date "2017.08.26"]
[Round "4.1"]
[White "Larrea, Manuel"]
[Black "Fernandez Rodriguez, Antonio"]
[Result "1-0"]
[WhiteElo "2267"]
[BlackElo "1868"]
[PlyCount "55"]
[EventDate "2017.08.25"]
[EventType "team-swiss"]
[EventRounds "5"]
[EventCountry "URU"]
[SourceTitle "EXT 2019"]
[Source "ChessBase"]
[SourceDate "2018.10.10"]
[SourceVersion "1"]
[SourceVersionDate "2018.10.10"]
[SourceQuality "1"]
[WhiteTeam "San Jose"]
[BlackTeam "Montevideo Vladivostok"]
[WhiteTeamCountry "URU"]
[BlackTeamCountry "URU"]

1. e4 e6 2. d4 d5 3. Nc3 Bb4 4. e5 c5 5. a3 Bxc3+ 6. bxc3 Ne7 7. Qg4 Qc7 8. Qxg7 Rg8 9. Qxh7 cxd4 10. Ne2 Nbc6 11. f4 dxc3 12. Qd3 Bd7 13. Rg1 d4 14. Rb1 0-0-0 15. g4 Ng6 16. Bg2 Ngxe5 17. fxe5 Nxe5 18. Qxd4 Bc6 19. Qxa7 Rxg4 20. Bxc6 Rxg1+ 21. Nxg1 Qxc6 22. Qa8+ Kc7 23. Qa5+ Kc8 24. Qxe5 Rd5 25. Qe2 Qc5 26. Nf3 Qc6 27. Rb4 Rf5 28. Rc4 1-0

[Event "URU-chT Provinces"]
[Site "Montevideo"]
[Date "2017.08.25"]
[Round "1.1"]
[White "Fernandez Rodriguez, Antonio"]
[Black "Coppola, Claudio"]
[Result "0-1"]
[WhiteElo "1868"]
[BlackElo "2260"]
[PlyCount "62"]
[EventDate "2017.08.25"]
[EventType "team-swiss"]
[EventRounds "5"]
[EventCountry "URU"]
[SourceTitle "EXT 2019"]
[Source "ChessBase"]
[SourceDate "2018.10.10"]
[SourceVersion "1"]
[SourceVersionDate "2018.10.10"]
[SourceQuality "1"]
[WhiteTeam "Montevideo Vladivostok"]
[BlackTeam "Montevideo II"]
[WhiteTeamCountry "URU"]
[BlackTeamCountry "URU"]

1. e4 c5 2. Nf3 d6 3. d4 cxd4 4. Nxd4 Nf6 5. Nc3 g6 6. Be3 Bg7 7. f3 0-0 8. Qd2 Nc6 9. g4 Be6 10. Nxe6 fxe6 11. 0-0-0 Ne5 12. Be2 Rc8 13. h4 Qa5 14. h5 b5 15. hxg6 hxg6 16. Bh6 b4 17. Nb1 Qa4 18. Bxg7 Kxg7 19. Rh2 d5 20. g5 Nh5 21. exd5 Rfd8 22. Bd3 Rxd5 23. Qe3 b3 24. axb3 Qxb3 25. Nc3 Rxc3 26. bxc3 Qa3+ 27. Kd2 Nc4+ 28. Ke2 Nxe3 29. Kxe3 Qxc3 30. Rg2 Qd4+ 31. Kd2 Qf4+ 0-1

[Event "URU-ch sf"]
[Site "Montevideo"]
[Date "2017.02.24"]
[Round "1"]
[White "Carbone, Diego"]
[Black "Fernandez Rodriguez, Antonio"]
[Result "1-0"]
[WhiteElo "2153"]
[BlackElo "1832"]
[PlyCount "115"]
[EventDate "2017.02.24"]
[EventType "swiss"]
[EventRounds "8"]
[EventCountry "URU"]
[SourceTitle "CBM 177 Extra"]
[Source "ChessBase"]
[SourceDate "2017.04.27"]
[SourceVersion "1"]
[SourceVersionDate "2017.04.27"]
[SourceQuality "1"]

1. c4 f5 2. g3 Nf6 3. Bg2 g6 4. Nc3 Bg7 5. d3 0-0 6. e4 e5 7. Nge2 d6 8. 0-0 Nc6 9. Nd5 Ne7 10. Nxf6+ Bxf6 11. Bh6 Bg7 12. Bxg7 Kxg7 13. exf5 gxf5 14. f4 c6 15. Qd2 Be6 16. Rae1 d5 17. fxe5 dxc4 18. Nf4 Qd7 19. g4 Ng6 20. Nh5+ Kh8 21. gxf5 Rxf5 22. Rxf5 Bxf5 23. d4 Rd8 24. d5 cxd5 25. e6 Qe7 26. Qd4+ Kg8 27. Nf6+ Kf8 28. Nxd5 Bxe6 29. Qf2+ Qf7 30. Rxe6 Qxf2+ 31. Kxf2 Kf7 32. Re2 Rd6 33. Kg3 b5 34. h4 h5 35. Rf2+ Kg7 36. Rf5 Re6 37. Bf3 Re5 38. Rxh5 Rxh5 39. Bxh5 Ne5 40. Be2 a5 41. Kf4 Ng6+ 42. Kg5 Ne5 43. Kf5 Nc6 44. Ke4 Kg6 45. Nc7 c3 46. bxc3 b4 47. cxb4 Nxb4 48. a3 Nc2 49. Nb5 Ne1 50. Kd5 Ng2 51. h5+ Kg5 52. Kc5 Nf4 53. Bf3 Nd3+ 54. Kb6 Ne5 55. Be2 a4 56. Ka5 Nd7 57. Kxa4 Nb6+ 58. Kb3 1-0

[Event "Montevideo Duchamp Cup 1st"]
[Site "Montevideo"]
[Date "2017.02.12"]
[Round "6"]
[White "Fernandez Rodriguez, Antonio"]
[Black "Carreno Planas, Manuela"]
[Result "1/2-1/2"]
[WhiteElo "1832"]
[BlackElo "1688"]
[PlyCount "75"]
[EventDate "2017.02.09"]
[EventType "swiss"]
[EventRounds "9"]
[EventCountry "URU"]
[SourceTitle "CBM 176 Extra"]
[Source "ChessBase"]
[SourceDate "2017.03.02"]
[SourceVersion "1"]
[SourceVersionDate "2017.03.02"]
[SourceQuality "1"]

1. e4 e5 2. Nf3 d6 3. Bc4 Be7 4. c3 Nf6 5. Ng5 0-0 6. Qb3 Qe8 7. d3 a6 8. a4 Nc6 9. a5 Nd8 10. 0-0 h6 11. Nf3 Qd7 12. Nbd2 Re8 13. d4 Bf8 14. Re1 Qe7 15. Nf1 Nc6 16. Ng3 Nd8 17. h3 Bd7 18. Nh4 Kh7 19. Ngf5 Bxf5 20. Nxf5 Qd7 21. g4 g6 22. Ng3 exd4 23. g5 Ng8 24. cxd4 c6 25. Bf4 Ne6 26. Bxe6 Rxe6 27. e5 dxe5 28. Bxe5 Bg7 29. Bxg7 Kxg7 30. gxh6+ Nxh6 31. Rxe6 fxe6 32. Re1 Re8 33. Ne4 Nf5 34. Nc5 Nxd4 35. Qc3 Qd5 36. Nxe6+ Rxe6 37. Rxe6 Qxe6 38. Qxd4+ 1/2-1/2

[Event "Montevideo Duchamp Cup 1st"]
[Site "Montevideo"]
[Date "2017.02.09"]
[Round "1"]
[White "Lujan, Carolina"]
[Black "Fernandez Rodriguez, Antonio"]
[Result "1-0"]
[WhiteElo "2385"]
[BlackElo "1832"]
[PlyCount "69"]
[EventDate "2017.02.09"]
[EventType "swiss"]
[EventRounds "9"]
[EventCountry "URU"]
[SourceTitle "CBM 176 Extra"]
[Source "ChessBase"]
[SourceDate "2017.03.02"]
[SourceVersion "1"]
[SourceVersionDate "2017.03.02"]
[SourceQuality "1"]

1. e4 e6 2. Qe2 c5 3. f4 Nc6 4. Nf3 Nf6 5. g3 d5 6. e5 Nd7 7. Bg2 g6 8. 0-0 Bg7 9. d3 0-0 10. c3 f6 11. exf6 Nxf6 12. Na3 a6 13. Nc2 Bd7 14. Be3 Qe7 15. Ne5 Qd6 16. Bf2 Rae8 17. Ne1 d4 18. c4 b5 19. N1f3 bxc4 20. dxc4 Rb8 21. Rfe1 Rfe8 22. Rab1 Nb4 23. a3 Nc6 24. Qc2 Rb6 25. Ng5 Nh5 26. Nxd7 Qxd7 27. Nxe6 Qd6 28. Bd5 Kh8 29. Ng5 Rxe1+ 30. Rxe1 Qb8 31. Nf7+ Kg8 32. Nd8+ Kf8 33. Nxc6 Rxb2 34. Nxb8 Rxc2 35. Nd7# 1-0

[Event "Montevideo Cuartos Trebejos"]
[Site "Montevideo"]
[Date "2017.01.26"]
[Round "6.4"]
[White "Fernandez Rodriguez, Antonio"]
[Black "Salguero, Rafael"]
[Result "1-0"]
[WhiteElo "1822"]
[BlackElo "1891"]
[PlyCount "133"]
[EventDate "2017.01.16"]
[EventType "swiss"]
[EventRounds "6"]
[EventCountry "URU"]
[SourceTitle "EXT 2024"]
[Source "ChessBase"]
[SourceDate "2023.10.10"]
[SourceVersion "1"]
[SourceVersionDate "2023.10.10"]
[SourceQuality "1"]

1. e4 e6 2. d4 d5 3. Nd2 dxe4 4. Nxe4 Nd7 5. Bd3 Ngf6 6. Ng5 h6 7. N5f3 c5 8. c3 cxd4 9. cxd4 Be7 10. Ne2 Nb6 11. 0-0 0-0 12. Bf4 Nbd5 13. Be5 Bd7 14. Rc1 Rc8 15. Qd2 Bb4 16. Nc3 Qa5 17. Bxf6 Nxf6 18. Ne5 Qxa2 19. Bb1 Bxc3 20. Rxc3 Qa5 21. Nxd7 Nxd7 22. Qc2 g6 23. Rxc8 Qd5 24. Rxf8+ Kxf8 25. Qd2 Kg7 26. Qe3 a5 27. Rc1 b5 28. Be4 Qd6 29. Bc6 Nf6 30. Qe5 Qb4 31. d5 exd5 32. Rd1 Qa4 33. Qd4 Qc2 34. Bxb5 g5 35. Ba4 Qf5 36. h3 Kg8 37. Rd3 Ne4 38. Rf3 Qc8 39. Qxd5 Qc1+ 40. Kh2 Qc7+ 41. g3 Nd6 42. Qc6 Qe7 43. Re3 Qf6 44. Rf3 Qe7 45. Qd7 Qe4 46. Bc6 Qe5 47. Qd8+ Kg7 48. Qd7 h5 49. Kg2 Kg8 50. Re3 Qc5 51. Bf3 Nf5 52. Qe8+ Kg7 53. Qe5+ Qxe5 54. Rxe5 Nd6 55. Rxg5+ Kf8 56. Rxa5 h4 57. gxh4 Nc4 58. Ra8+ Kg7 59. b4 f5 60. b5 f4 61. b6 Kg6 62. b7 Kf5 63. Bg4+ Ke4 64. h5 Nd2 65. Ra4+ Kd3 66. Rxf4 Nc4 67. Rxc4 1-0

[Event "Montevideo Cuartos Trebejos"]
[Site "Montevideo"]
[Date "2017.01.16"]
[Round "1.5"]
[White "Arias Duran, Jorge"]
[Black "Fernandez Rodriguez, Antonio"]
[Result "0-1"]
[WhiteElo "1629"]
[BlackElo "1822"]
[PlyCount "44"]
[EventDate "2017.01.16"]
[EventType "swiss"]
[EventRounds "6"]
[EventCountry "URU"]
[SourceTitle "EXT 2024"]
[Source "ChessBase"]
[SourceDate "2023.10.10"]
[SourceVersion "1"]
[SourceVersionDate "2023.10.10"]
[SourceQuality "1"]

1. d4 f5 2. Nc3 g6 3. e4 fxe4 4. Nxe4 Bg7 5. Nf3 Nf6 6. Nxf6+ Bxf6 7. Bd3 d6 8. 0-0 0-0 9. h3 Nc6 10. c3 e5 11. dxe5 Nxe5 12. Nxe5 Bxe5 13. f4 Bg7 14. Qc2 Qh4 15. f5 Bxf5 16. Bxf5 gxf5 17. Rxf5 Qe1+ 18. Kh2 Be5+ 19. Bf4 Bxf4+ 20. Rxf4 Qxa1 21. Rg4+ Kh8 22. Rh4 Rf7 0-1

[Event "Montevideo Viernes Trebejos 2nd"]
[Site "Montevideo"]
[Date "2015.09.28"]
[Round "1.8"]
[White "Bouza, Walter"]
[Black "Fernandez Rodriguez, Antonio"]
[Result "0-1"]
[WhiteElo "1446"]
[BlackElo "1869"]
[PlyCount "75"]
[EventDate "2015.09.28"]
[EventType "swiss"]
[EventRounds "5"]
[EventCountry "URU"]
[SourceTitle "EXT 2024"]
[Source "ChessBase"]
[SourceDate "2023.10.10"]
[SourceVersion "1"]
[SourceVersionDate "2023.10.10"]
[SourceQuality "1"]

1. e4 e6 2. Qe2 c5 3. f4 Nc6 4. Nf3 Be7 5. g3 d5 6. d3 dxe4 7. dxe4 Nf6 8. Bg2 0-0 9. 0-0 Qc7 10. Nc3 a6 11. Be3 b5 12. e5 Ng4 13. Kh1 Bb7 14. h3 Nxe3 15. Qxe3 Nb4 16. Rac1 Rfd8 17. a3 Nd5 18. Nxd5 Bxd5 19. Rcd1 c4 20. Qe2 c3 21. b3 Bxa3 22. Kh2 a5 23. Rd3 a4 24. Nd4 Qc5 25. bxa4 bxa4 26. Bxd5 Rxd5 27. Rfd1 Rad8 28. Qe3 Bb2 29. Qe4 Qc4 30. f5 a3 31. fxe6 fxe6 32. Qh4 a2 33. Qe7 R5d7 34. Qh4 Rxd4 35. Qxd8+ Rxd8 36. Rxd8+ Kf7 37. R1d3 a1Q 38. R8d4 0-1

[Event "Latin Cup-A 6th"]
[Site "Buenos Aires"]
[Date "2015.03.23"]
[Round "6"]
[White "Fernandez Rodriguez, Antonio"]
[Black "Fiori, Hector Dionisio"]
[Result "0-1"]
[WhiteElo "1905"]
[BlackElo "2136"]
[PlyCount "40"]
[EventDate "2015.03.19"]
[EventType "swiss"]
[EventRounds "9"]
[EventCountry "ARG"]
[SourceTitle "CBM 165 Extra"]
[Source "ChessBase"]
[SourceDate "2015.04.21"]
[SourceVersion "1"]
[SourceVersionDate "2015.04.21"]
[SourceQuality "1"]

1. e4 c6 2. d4 d5 3. Nc3 dxe4 4. Nxe4 Bf5 5. Ng3 Bg6 6. Bc4 e6 7. N1e2 Qh4 8. Bf4 Nf6 9. Qd2 h6 10. Be5 Nbd7 11. Nf4 Nxe5 12. dxe5 Rd8 13. Qe3 Ng4 14. Qe2 Bc5 15. Nxg6 fxg6 16. Ne4 Nxf2 17. g3 Qxe4 18. Qxe4 Nxe4 19. Bxe6 Ng5 20. Bg4 0-0 0-1

[Event "Latin Cup-A 6th"]
[Site "Buenos Aires"]
[Date "2015.03.21"]
[Round "3"]
[White "Fernandez Rodriguez, Antonio"]
[Black "Dabraccio, Guillermo"]
[Result "1-0"]
[WhiteElo "1905"]
[BlackElo "1756"]
[PlyCount "41"]
[EventDate "2015.03.19"]
[EventType "swiss"]
[EventRounds "9"]
[EventCountry "ARG"]
[SourceTitle "CBM 165 Extra"]
[Source "ChessBase"]
[SourceDate "2015.04.21"]
[SourceVersion "1"]
[SourceVersionDate "2015.04.21"]
[SourceQuality "1"]

1. e4 e6 2. d4 d5 3. Nc3 Bb4 4. e5 Ne7 5. Qg4 Nf5 6. Nf3 c5 7. a3 Qa5 8. Bd2 Nc6 9. dxc5 d4 10. Ne4 Bxd2+ 11. Nexd2 Qxc5 12. Qe4 0-0 13. Bd3 g6 14. Qf4 f6 15. exf6 e5 16. Qg5 Be6 17. g4 e4 18. Bxe4 Rae8 19. 0-0-0 d3 20. Bxd3 Ng7 21. Qxc5 1-0